000 00547nam a22001817a 4500
005 20240117104621.0
008 231108b |||||||| |||| 00| 0 eng d
020 _a409053104 ; 409053112
041 _aEnglish
082 _a346.4 SIL
100 _aSilberberg, H
_lEnglish
245 _aLaw of Property /
_cH Silberberg
250 _aFirst Edition
260 _aDurban :
_bButterworth and Company (Pty) Ltd,
_c1975
300 _bxlii, 420 pages ;
_c22,5 cm.
650 _aLegal practice
_bLaw
942 _cBK
_6ALISON_BN_VRIES
999 _c394
_d394